| 000 | 00994pam a2200289 i 4500 | ||
|---|---|---|---|
| 001 | 3654089 | ||
| 003 | OSt | ||
| 005 | 20231127150305.0 | ||
| 008 | 761227r1977 nyua b 001 0 eng | ||
| 010 | _a 76057780 | ||
| 020 | _a9789383692248 | ||
| 020 | _a0882755277 | ||
| 040 |
_aDLC _cDLC _dDLC |
||
| 050 | 1 | 0 |
_aQK641 _b.E32 1977 |
| 082 | 0 | 0 |
_a582.13044 _bEAM/M |
| 100 |
_aEames, Arthur J _d1881- _94812 |
||
| 245 | 1 | 0 |
_aMorphology of the angiosperms / _cArthur J. Eames. |
| 260 |
_aHuntington, N.Y. : _bR. E. Krieger, _c1977, c1961. |
||
| 300 |
_axiii, 518 p. : _bill. ; _c24 cm. |
||
| 500 | _aReprint of the ed. published by McGraw-Hill, New York, in series: McGraw-Hill publications in the botanical sciences. | ||
| 500 | _aIncludes index. | ||
| 504 | _aBibliography: p. 474-475. | ||
| 650 | 0 | _aAngiosperms. | |
| 650 | 0 | _aPlant morphology. | |
| 906 |
_a7 _bcbc _corignew _d1 _eocip _f19 _gy-gencatlg |
||
| 942 |
_2ddc _cBK _h582.13044 _iEAM/M _k582.13044 _mEAM/M |
||
| 999 |
_c43703 _d43703 |
||